Fundamental Diagnostic Laboratory Hematology: (Record no. 3457)
[ view plain ]
| 000 -LEADER | |
|---|---|
| fixed length control field | 00909nac a22002291u 4500 |
| 082 ## - DEWEY DECIMAL CLASSIFICATION NUMBER | |
| Classification number | 616.157 |
| Item number | Ev19 |
| 090 ## - LOCALLY ASSIGNED LC-TYPE CALL NUMBER (OCLC); LOCAL CALL NUMBER (OCLC) | |
| -- | 3457 |
| -- | 3457 |
| 100 ## - MAIN ENTRY--PERSONAL NAME | |
| Personal name | Evatt, Bruce L. |
| 245 ## - TITLE STATEMENT | |
| Title | Fundamental Diagnostic Laboratory Hematology: |
| Remainder of title | The Bleeding Disorders / |
| Statement of responsibility, etc | Bruce L.Evatt...[et.al] |
| 260 ## - PUBLICATION, DISTRIBUTION, ETC. (IMPRINT) | |
| Place of publication, distribution, etc | Atlanta, Goergia:C.[19--] |
| Name of publisher, distributor, etc | U.S Department Of Health and Human Services, |
| Date of publication, distribution, etc | C.[19--] |
| 300 ## - PHYSICAL DESCRIPTION | |
| Extent | 88P.: |
| Other physical details | ill; |
| Dimensions | 21cm. |
| 500 ## - GENERAL NOTE | |
| General note | Donations. |
| 500 ## - GENERAL NOTE | |
| General note | Donations - Bibliotheca Alexandrina. |
| 504 ## - BIBLIOGRAPHY, ETC. NOTE | |
| Bibliography, etc | Includes Index. |
| 650 ## - SUBJECT ADDED ENTRY--TOPICAL TERM | |
| Topical term or geographic name as entry element | Blood -- Coagulation, Disorders of -- Cases, clinical reports, statistics. |
| 700 ## - ADDED ENTRY--PERSONAL NAME | |
| Personal name | Veltkamp, Jan J. |
| 700 ## - ADDED ENTRY--PERSONAL NAME | |
| Personal name | Lewis, S.Mitchell. |
| 700 ## - ADDED ENTRY--PERSONAL NAME | |
| Personal name | Lothe, Francis. |
| 700 ## - ADDED ENTRY--PERSONAL NAME | |
| Personal name | McArthur, James. |
| 942 ## - ADDED ENTRY ELEMENTS (KOHA) | |
| Item type | Book - Borrowing |
| Call number prefix | 616.157Ev19 |
| Withdrawn status | Item status | Source of classification or shelving scheme | Damaged status | Not for loan | Home library | Current library | Shelving location | Date acquired | Source of acquisition | Total Checkouts | Full call number | Barcode | Date last seen | Koha item type |
|---|---|---|---|---|---|---|---|---|---|---|---|---|---|---|
| Dewey Decimal Classification | Central Library | Central Library | First floor | 07/04/2016 | Purchase | 616.157 EVA | 000030320 | 15/07/2025 | Book - Borrowing |